banner-ar

نساء مصر فى القرن التاسع عشر / (Record no. 59918)

MARC details
000 -الفاتح
حقل البيانات ثابتة الطول 01369nam a2200277 4500
005 - وقت وتاريخ اخر تعامل مع التسجيلة
رقم الضبط 20240530110343.0
008 - عناصر البيانات ثابتة الطول - معلومات عامة
حقل البيانات ثابتة الطول 141123s2008 ua od fr 000 0bara d
017 ## - رقم الايداع القانونى
رقم الايداع القانونى 26919/2008
المصدر مصر . دار الكتب المصرية
020 ## - الرقم الدولى المعيارى للكتب
الرقم الدولى المعيارى للكتاب 9774375750
040 ## - مصدر الفهرسة
وكالة الفهرسة الأصلية EG-CaGPL
082 04 - رقم تصنيف ديوى العشرى
رقم الطبعة 21
رقم التصنيف 305.42\
رقم المادة ق/ت ن
100 1# - المدخل الرئيسى - إسم شخصى
الإسم الشخصى تاكر ، جوديث
245 1# - بيان العنوان
العنوان نساء مصر فى القرن التاسع عشر /
بيان المسئوليه,etc تاليف جوديث تاكر ؛ ترجمة وتقديم هاله كمال
250 ## - بيان الطبعة
بيان الطبعة ط1
260 ## - PUBLICATION, DISTRIBUTION, ETC. (IMPRINT)
تاريخ النشر أو التوزيع 2008
300 ## - الوصف المادى
التعداد 448 ص :
تفاصيل ماديه اخرى للوعاء ايض ؛
أبعاد الوعاء 24 سم
650 04 - المدخل الاضافى بالموضوع-مصطلح موضوعى
مصطلح موضوعي المرأة فى مصر
650 04 - المدخل الاضافى بالموضوع-مصطلح موضوعى
مصطلح موضوعي المرأة المصرية
التقسيم الفرعي العام تاريخ
التقسيم الفرعي الزمني القرن التاسع عشر
650 04 - المدخل الاضافى بالموضوع-مصطلح موضوعى
مصطلح موضوعي المرأة المصرية
التقسيم الفرعي العام تاريخ
-- احوال اجتماعية
التقسيم الفرعي الزمني القرن التاسع عشر
650 04 - المدخل الاضافى بالموضوع-مصطلح موضوعى
مصطلح موضوعي المرأة المصرية
التقسيم الفرعي العام تاريخ
-- اغانى وموسيقى
التقسيم الفرعي الزمني القرن التاسع عشر
650 04 - المدخل الاضافى بالموضوع-مصطلح موضوعى
مصطلح موضوعي المرأة المصرية
التقسيم الفرعي العام تاريخ
-- الانتاج الزراعى
التقسيم الفرعي الزمني القرن التاسع عشر
650 04 - المدخل الاضافى بالموضوع-مصطلح موضوعى
مصطلح موضوعي المرأة المصرية
التقسيم الفرعي العام تاريخ
-- الرقيق
التقسيم الفرعي الزمني القرن التاسع عشر
700 0# - المدخل الاضافى - اسم شخصى
الإسم الشخصى هالة كمال
الدور مترجم ومقدم
942 ## - عناصر المدخل الإضافي( كوها)
مصدر التصنيف او مخطط الترفيف Dewey Decimal Classification
Koha [default] item type كتاب
260 ## - PUBLICATION, DISTRIBUTION, ETC. (IMPRINT)
-- القاهرة :
-- المركز القومى للترجمة ،
Holdings
حالة التراجع حالة الفقد حالة تلف ليس للاعارة المكان المؤقت الموقع الحالى تاريخ الاكتساب اجمالي اﻻعارات رقم الطلب الباركود تاريخ اخر مشاهدة تاريخ تفعيل السعر نوع وعاء كوها
        مكتبة القاهرة الكبرى مكتبة القاهرة الكبرى 11/23/2014   305.42\ ق/ت ن 158881 11/23/2014 11/23/2014 كتاب

Powered By

EGPV